[Event "ARG-chT"]
[Site "Villa Martelli"]
[Date "2018.07.07"]
[Round "1.3"]
[White "Nieva, Jose Luis"]
[Black "Wisniacki, Flavio"]
[Result "1/2-1/2"]
[WhiteElo "1966"]
[BlackElo "2238"]
[PlyCount "101"]
[EventDate "2018.07.07"]
[EventType "team-swiss"]
[EventRounds "9"]
[EventCountry "ARG"]
[SourceTitle "CBM 187 Extra"]
[Source "ChessBase"]
[SourceDate "2018.11.04"]
[SourceVersion "1"]
[SourceVersionDate "2018.11.04"]
[SourceQuality "1"]
[WhiteTeam "San Isidro"]
[BlackTeam "Centro Univ CUV"]
[WhiteTeamCountry "ARG"]
[BlackTeamCountry "ARG"]

1. d4 d5 2. c4 c6 3. Nc3 Nf6 4. Nf3 e6 5. Bg5 Be7 6. cxd5 exd5 7. Qc2 0-0 8. e3 Ne4 9. Bxe7 Qxe7 10. Nxe4 dxe4 11. Nd2 f5 12. Bc4+ Kh8 13. 0-0 Nd7 14. f3 exf3 15. Rxf3 Nb6 16. e4 Qd6 17. Qd3 Rd8 18. exf5 Qxd4+ 19. Qxd4 Rxd4 20. Re1 Bd7 21. Bd3 Nd5 22. Nb3 Rb4 23. Nc5 Re8 24. Rxe8+ Bxe8 25. b3 b6 26. Ne6 Rg4 27. h3 Rh4 28. Bc4 Nf6 29. g4 Ne4 30. Re3 Nd6 31. Kg2 Rh6 32. Nc7 Bd7 33. Re7 Bc8 34. Be2 Rf6 35. Ne8 Rf7 36. Rxf7 Nxf7 37. Bc4 Ne5 38. Nd6 Bd7 39. Be6 g6 40. Bxd7 Nxd7 41. fxg6 hxg6 42. Nc8 a5 43. Ne7 Ne5 44. Kg3 Kg7 45. Kf4 Kf6 46. Nc8 b5 47. Na7 g5+ 48. Ke4 Ke6 49. Kd4 Kd6 50. Nc8+ Ke6 51. Na7 1/2-1/2

[Event "Villa Martelli op-B 21st"]
[Site "Villa Martelli"]
[Date "2014.11.13"]
[Round "7"]
[White "Nieva, Jose Luis"]
[Black "Godoy, Carlos"]
[Result "0-1"]
[WhiteElo "1997"]
[BlackElo "2073"]
[PlyCount "100"]
[EventDate "2014.11.07"]
[EventType "swiss"]
[EventRounds "9"]
[EventCountry "ARG"]
[SourceTitle "CBM 163 Extra"]
[Source "ChessBase"]
[SourceDate "2014.12.23"]
[SourceVersion "1"]
[SourceVersionDate "2014.12.23"]
[SourceQuality "1"]

1. d4 f5 2. e4 fxe4 3. Nc3 Nf6 4. Bg5 g6 5. h4 d5 6. h5 Bg7 7. f3 Nc6 8. h6 Bf8 9. fxe4 Nxe4 10. Nxe4 dxe4 11. d5 Qd6 12. Ne2 Nb4 13. Qd2 Qxd5 14. Qxd5 Nxd5 15. 0-0-0 c6 16. Nd4 e5 17. Nb3 Be7 18. Bxe7 Kxe7 19. Re1 Nf6 20. Nd2 Bf5 21. Be2 Rhf8 22. Nc4 Nd7 23. g4 Be6 24. Nd2 Rf4 25. g5 a5 26. a3 b5 27. Rhg1 Nc5 28. Rg3 Bd5 29. Nf1 b4 30. Nd2 Ne6 31. Bg4 Nxg5 32. Be2 Ne6 33. Nc4 Bxc4 34. Bxc4 Nd4 35. Rge3 Nf5 36. Rxe4 Rxe4 37. Rxe4 Kf6 38. axb4 axb4 39. Bd3 c5 40. Rc4 Rc8 41. c3 bxc3 42. Rxc3 Nd6 43. Ba6 Ra8 44. Be2 Ra5 45. Rd3 Ke7 46. Rb3 Ra1+ 47. Kd2 Rh1 48. Ra3 Rxh6 49. Ra7+ Ke6 50. Bg4+ Kd5 0-1

[Event "Villa Martelli op-B 21st"]
[Site "Villa Martelli"]
[Date "2014.11.10"]
[Round "4"]
[White "Garnier, Rene Augusto"]
[Black "Nieva, Jose Luis"]
[Result "1-0"]
[WhiteElo "2110"]
[BlackElo "1997"]
[PlyCount "87"]
[EventDate "2014.11.07"]
[EventType "swiss"]
[EventRounds "9"]
[EventCountry "ARG"]
[SourceTitle "CBM 163 Extra"]
[Source "ChessBase"]
[SourceDate "2014.12.23"]
[SourceVersion "1"]
[SourceVersionDate "2014.12.23"]
[SourceQuality "1"]

1. Nf3 c5 2. c4 e6 3. d4 d5 4. e3 Nf6 5. Nc3 Be7 6. dxc5 Bxc5 7. cxd5 exd5 8. Bb5+ Nc6 9. Ne5 Qd6 10. Qa4 0-0 11. Nxc6 bxc6 12. Bxc6 Rb8 13. Bb5 a6 14. Be2 d4 15. exd4 Bxd4 16. 0-0 h5 17. Bg5 Rxb2 18. Rad1 Qc5 19. Qxd4 Qxg5 20. Ne4 Nxe4 21. Qxb2 h4 22. Bf3 Nf6 23. Rfe1 Be6 24. a3 Rc8 25. Rc1 Rd8 26. Red1 Re8 27. Bc6 Rc8 28. Bf3 Re8 29. Qd2 Qg6 30. Qd3 Qg5 31. Qxa6 h3 32. Qf1 Rb8 33. Rb1 Rc8 34. Rdc1 Rd8 35. Rb5 Qf4 36. Rb4 Qg5 37. Rcb1 Kh7 38. g3 g6 39. Qc1 Qf5 40. Rf4 Qe5 41. Rh4+ Kg8 42. Qh6 Nd5 43. Qh7+ Kf8 44. Qh8+ 1-0

[Event "Buenos Aires-chT Intercoop 30th"]
[Site "Buenos Aires"]
[Date "2004.09.04"]
[Round "3"]
[White "Nieva, Jose Luis"]
[Black "De Medio, Daniel"]
[Result "1-0"]
[WhiteElo "2120"]
[BlackElo "2133"]
[PlyCount "93"]
[EventDate "2004.08.21"]
[EventType "team"]
[EventRounds "7"]
[EventCountry "ARG"]
[SourceTitle "CBM 102 Extra"]
[Source "ChessBase"]
[SourceDate "2004.11.03"]
[SourceVersion "1"]
[SourceVersionDate "2004.11.03"]
[SourceQuality "1"]

1. d4 Nf6 2. c4 e6 3. Nf3 c5 4. d5 d6 5. Nc3 Be7 6. e4 0-0 7. Be2 a6 8. 0-0 exd5 9. exd5 Nbd7 10. h3 Re8 11. Bf4 Nf8 12. Qc2 Ng6 13. Bh2 Nh5 14. Rfe1 Bd7 15. Bf1 Qc7 16. Nd2 Rab8 17. a4 Nf6 18. Bd3 Bf8 19. Nde4 Be7 20. Ng5 Bf8 21. Nce4 Nxe4 22. Bxe4 Be7 23. h4 Bxg5 24. hxg5 b5 25. axb5 axb5 26. b3 bxc4 27. bxc4 Nf8 28. Bf4 Ng6 29. Bd2 Nf8 30. Bc3 Qd8 31. f4 Ng6 32. g3 Bc8 33. Bb2 Rxe4 34. Qxe4 Qb6 35. Bc3 Bd7 36. Rab1 Qa7 37. Rxb8+ Qxb8 38. f5 Nf8 39. Rb1 Qd8 40. Qf4 Qc7 41. Re1 Qb6 42. g4 Qb3 43. Ba5 Qa2 44. Bc7 Ba4 45. Bxd6 Qb2 46. Bxf8 Kxf8 47. Qd6+ 1-0

[Event "Pro American op 9th"]
[Site "Villa Martelli"]
[Date "2002.10.27"]
[Round "3"]
[White "Dolezal, Cristian"]
[Black "Nieva, Jose Luis"]
[Result "1-0"]
[WhiteElo "2390"]
[BlackElo "2115"]
[PlyCount "91"]
[EventDate "2002.10.24"]
[EventType "swiss"]
[EventRounds "9"]
[EventCountry "ARG"]
[SourceTitle "EXT 2004"]
[Source "ChessBase"]
[SourceDate "2003.11.25"]
[SourceVersion "1"]
[SourceVersionDate "2003.11.25"]
[SourceQuality "1"]

1. e4 c5 2. Nf3 d6 3. c3 Nf6 4. Be2 g6 5. 0-0 Bg7 6. Re1 0-0 7. Bf1 Nc6 8. d4 e5 9. dxc5 dxc5 10. Qc2 Qc7 11. Bg5 Be6 12. Nbd2 Na5 13. Qa4 Nd7 14. b4 cxb4 15. cxb4 Nc6 16. Rac1 Rfc8 17. a3 Qd6 18. Qb5 Nb6 19. Rc5 h6 20. Be3 Nd4 21. Bxd4 exd4 22. Rec1 Rd8 23. Nc4 Nxc4 24. Bxc4 a6 25. Qxb7 d3 26. e5 d2 27. Rd1 Qf8 28. Bxe6 fxe6 29. Rxd2 Rxd2 30. Nxd2 Rd8 31. Nf1 Qf5 32. Qxa6 Rd1 33. Qe2 Qb1 34. g3 g5 35. Kg2 Re1 36. Rc8+ Kh7 37. Qc2+ Qxc2 38. Rxc2 Bxe5 39. Ra2 Rb1 40. Nd2 Rd1 41. b5 Bd4 42. a4 Bc3 43. Nc4 Rd4 44. Ne5 Rd5 45. Nc6 Kg7 46. b6 1-0

[Event "Torre Blanca Aug 02"]
[Site "Buenos Aires"]
[Date "2002.08.26"]
[Round "6"]
[White "Nieva, Jose Luis"]
[Black "Martello, Juan Alberto"]
[Result "1-0"]
[WhiteElo "2115"]
[BlackElo "2049"]
[PlyCount "59"]
[EventDate "2002.08.15"]
[EventType "swiss"]
[EventRounds "7"]
[EventCountry "ARG"]
[SourceTitle "EXT 2005"]
[Source "ChessBase"]
[SourceDate "2004.11.15"]
[SourceVersion "1"]
[SourceVersionDate "2004.11.15"]
[SourceQuality "1"]

1. d4 d5 2. c4 e6 3. Nf3 Nf6 4. Bg5 Be7 5. Nc3 0-0 6. cxd5 exd5 7. Qc2 c6 8. e3 Nbd7 9. Bd3 Re8 10. h3 Nf8 11. 0-0 g6 12. Ne5 Ne6 13. f4 Nd7 14. Bxe7 Qxe7 15. f5 Ng5 16. h4 Nxe5 17. dxe5 Ne4 18. e6 fxe6 19. fxg6 hxg6 20. Bxe4 dxe4 21. Nxe4 Kg7 22. Ng5 Rf8 23. Rxf8 Qxf8 24. Rf1 Qe8 25. h5 e5 26. Rf7+ Qxf7 27. Nxf7 Kxf7 28. Qxg6+ Ke7 29. Qg7+ Kd6 30. Qf8+ 1-0

[Event "Villa Ballester de Invierno op 2nd"]
[Site "Villa Ballester"]
[Date "2002.08.25"]
[Round "7"]
[White "Nieva, Jose Luis"]
[Black "Rey Besada, Fernando"]
[Result "1-0"]
[WhiteElo "2115"]
[BlackElo "2177"]
[PlyCount "65"]
[EventDate "2002.08.16"]
[EventType "swiss"]
[EventRounds "7"]
[EventCountry "ARG"]
[SourceTitle "EXT 2006"]
[Source "ChessBase"]
[SourceDate "2005.11.24"]
[SourceVersion "1"]
[SourceVersionDate "2005.11.24"]
[SourceQuality "1"]

1. d4 Nf6 2. c4 c5 3. d5 b5 4. cxb5 a6 5. Nc3 g6 6. e4 d6 7. Nf3 Bg7 8. a4 0-0 9. Bd2 Nbd7 10. Be2 Ne8 11. 0-0 Nc7 12. Bf4 Bb7 13. Qb3 axb5 14. axb5 Nb6 15. Nd2 f5 16. Nc4 Nxc4 17. Bxc4 fxe4 18. Bd2 Bd4 19. Nxe4 Rf5 20. b6 Nxd5 21. Ra7 Rxa7 22. bxa7 Qa8 23. Ra1 Rf8 24. Bh6 Bg7 25. Bxg7 Kxg7 26. Ng5 Nf4 27. Qc3+ Kh6 28. Qg3 Nh5 29. Qe3 Nf4 30. Ne6 g5 31. Nxf8 Bxg2 32. h4 Qxf8 33. Qg3 1-0

[Event "Torre Blanca Aug 02"]
[Site "Buenos Aires"]
[Date "2002.08.22"]
[Round "5"]
[White "Lida Garcia, Fernando"]
[Black "Nieva, Jose Luis"]
[Result "1-0"]
[WhiteElo "2156"]
[BlackElo "2115"]
[PlyCount "55"]
[EventDate "2002.08.15"]
[EventType "swiss"]
[EventRounds "7"]
[EventCountry "ARG"]
[SourceTitle "EXT 2005"]
[Source "ChessBase"]
[SourceDate "2004.11.15"]
[SourceVersion "1"]
[SourceVersionDate "2004.11.15"]
[SourceQuality "1"]

1. e4 c5 2. Nc3 e6 3. g3 Nc6 4. Bg2 Nge7 5. Nge2 Nd4 6. d3 Nec6 7. 0-0 Bd6 8. a4 a6 9. f4 Rb8 10. e5 Bc7 11. Nxd4 Nxd4 12. Ne4 Qe7 13. Be3 b6 14. c3 Nf5 15. Bf2 d5 16. Ng5 h6 17. Nf3 Qd8 18. g4 Ne7 19. d4 cxd4 20. Nxd4 Bd7 21. Qe2 g5 22. f5 Nc6 23. fxe6 fxe6 24. Nxc6 Bxc6 25. Bd4 Qd7 26. Qxa6 Ra8 27. Qd3 Rxa4 28. Qg6+ 1-0

[Event "Villa Ballester de Invierno op 2nd"]
[Site "Villa Ballester"]
[Date "2002.08.18"]
[Round "2"]
[White "Nieva, Jose Luis"]
[Black "Mussanti, Diego"]
[Result "1/2-1/2"]
[WhiteElo "2115"]
[BlackElo "2281"]
[PlyCount "67"]
[EventDate "2002.08.16"]
[EventType "swiss"]
[EventRounds "7"]
[EventCountry "ARG"]
[SourceTitle "EXT 2006"]
[Source "ChessBase"]
[SourceDate "2005.11.24"]
[SourceVersion "1"]
[SourceVersionDate "2005.11.24"]
[SourceQuality "1"]

1. d4 Nf6 2. c4 g6 3. Nc3 d5 4. cxd5 Nxd5 5. e4 Nxc3 6. bxc3 Bg7 7. Nf3 c5 8. Rb1 0-0 9. Be2 b6 10. 0-0 Bb7 11. Qd3 Ba6 12. Qe3 Qd7 13. Bxa6 Nxa6 14. d5 Qa4 15. Rb2 Qc4 16. Rb3 Nc7 17. h4 Rad8 18. Qf4 Ne8 19. h5 Nf6 20. Nd2 Qe2 21. hxg6 fxg6 22. Qh4 c4 23. Ra3 a5 24. f3 e6 25. Re1 Qd3 26. dxe6 Rfe8 27. Ra4 Qc2 28. e5 Nh5 29. e7 Rxd2 30. Bxd2 Qxa4 31. g4 Qc2 32. Bg5 h6 33. gxh5 hxg5 34. Qxc4+ 1/2-1/2

[Event "Olivos Rubinstein Memorial"]
[Site "Olivos"]
[Date "2002.07.23"]
[Round "5"]
[White "Fernandez Arrue, Ruben"]
[Black "Nieva, Jose Luis"]
[Result "0-1"]
[WhiteElo "2178"]
[BlackElo "2115"]
[PlyCount "170"]
[EventDate "2002.07.18"]
[EventType "swiss"]
[EventRounds "9"]
[EventCountry "ARG"]
[SourceTitle "CBM 089 Extra"]
[Source "ChessBase"]
[SourceDate "2002.09.10"]
[SourceVersion "2"]
[SourceVersionDate "2002.09.10"]
[SourceQuality "1"]

1. c4 g6 2. Nc3 Bg7 3. d4 Nf6 4. e4 d6 5. Nf3 0-0 6. Be2 e5 7. 0-0 Nc6 8. h3 Re8 9. d5 Nd4 10. Be3 Nxe2+ 11. Qxe2 c5 12. dxc6 bxc6 13. Rfd1 Qe7 14. Qd2 Rd8 15. Bc5 Ne8 16. Ba3 Ba6 17. b3 Qc7 18. Rac1 Qa5 19. Bb2 Nf6 20. Qe3 Rac8 21. Na4 c5 22. Ne1 Bb7 23. f3 Qc7 24. Nc3 Qe7 25. Rc2 Qf8 26. Bc1 Nh5 27. Ne2 a5 28. g4 Nf6 29. Nc3 Qe7 30. Nb5 a4 31. Bd2 axb3 32. axb3 Ra8 33. Bc3 h6 34. Qd2 Ra6 35. Ra1 Rxa1 36. Bxa1 Nh7 37. Qf2 Bf6 38. Ng2 Ng5 39. Qg3 Ra8 40. Bc3 Ne6 41. Qf2 Bc6 42. Ra2 Rd8 43. Ra7 Rd7 44. Rxd7 Qxd7 45. Qe2 Ng5 46. Kh2 Ne6 47. f4 Nd4 48. Bxd4 exd4 49. Na3 Qe6 50. Nb1 Qxe4 51. Qxe4 Bxe4 52. Nd2 Bc6 53. Kg3 Kf8 54. Ne1 Bd8 55. b4 cxb4 56. Nc2 d3 57. Nxb4 Ba5 58. Nxc6 Bxd2 59. f5 gxf5 60. gxf5 Kg7 61. Kf3 Bc3 62. Ke3 d2 63. Ke2 Kf6 64. Nd8 h5 65. Kd1 Bb4 66. Nc6 Bc3 67. Nd8 h4 68. Nb7 Bb4 69. Nd8 Bc3 70. Kc2 Ke7 71. Nb7 Bb4 72. Kd1 Kd7 73. c5 dxc5 74. Nxc5+ Bxc5 75. Kxd2 Kd6 76. Ke2 Ke5 77. Kf3 Kxf5 78. Kg2 Kf4 79. Kh1 f5 80. Kg2 Ke3 81. Kh1 f4 82. Kg2 f3+ 83. Kf1 f2 84. Kg2 Ke2 85. Kh2 Bd6+ 0-1

[Event "Olivos Rubinstein Memorial"]
[Site "Olivos"]
[Date "2002.07.20"]
[Round "2"]
[White "Nieva, Jose Luis"]
[Black "Della Morte, Pablo"]
[Result "0-1"]
[WhiteElo "2115"]
[BlackElo "2333"]
[PlyCount "50"]
[EventDate "2002.07.18"]
[EventType "swiss"]
[EventRounds "9"]
[EventCountry "ARG"]
[SourceTitle "CBM 089 Extra"]
[Source "ChessBase"]
[SourceDate "2002.09.10"]
[SourceVersion "2"]
[SourceVersionDate "2002.09.10"]
[SourceQuality "1"]

1. d4 Nf6 2. c4 g6 3. Nc3 Bg7 4. e4 d6 5. Be2 0-0 6. Bg5 c5 7. d5 h6 8. Bf4 e6 9. dxe6 Bxe6 10. Qd2 Qb6 11. Bxd6 Rd8 12. e5 Ne8 13. Nf3 Nxd6 14. Rd1 Bxe5 15. Nxe5 Nc6 16. Nxg6 fxg6 17. Qxh6 Ne7 18. Qg5 Qc7 19. Qf6 Bf7 20. 0-0 Ndf5 21. g4 Nd4 22. Rde1 Qd6 23. Qg5 Ne6 24. Qh4 g5 25. Qh3 Nf4 0-1

[Event "Florida"]
[Site "Florida"]
[Date "2001.??.??"]
[Round "9"]
[White "Della Morte, Pablo"]
[Black "Nieva, Jose Luis"]
[Result "1-0"]
[WhiteElo "2174"]
[BlackElo "2091"]
[PlyCount "59"]
[EventDate "2001.??.??"]
[EventType "tourn"]
[EventRounds "11"]
[EventCountry "ARG"]
[SourceTitle "EXT 2002"]
[Source "ChessBase"]
[SourceDate "2001.11.25"]
[SourceVersion "1"]
[SourceVersionDate "2001.11.25"]
[SourceQuality "1"]

1. e4 c5 2. Nf3 d6 3. d4 cxd4 4. Nxd4 Nf6 5. Nc3 a6 6. f3 e5 7. Nb3 Be6 8. Be3 Be7 9. Qd2 Qc7 10. g4 b5 11. 0-0-0 Nbd7 12. g5 b4 13. Ne2 Nh5 14. Ng3 Nxg3 15. hxg3 a5 16. Kb1 a4 17. Nc1 b3 18. cxb3 axb3 19. a3 d5 20. exd5 Bxd5 21. Bb5 Be6 22. Nxb3 Rb8 23. Rc1 Qb7 24. Bxd7+ Bxd7 25. Nc5 Bf5+ 26. Ka1 Qxf3 27. Rhf1 Qg4 28. Qd5 f6 29. Rxf5 Qxf5 30. Ne6 1-0